Miasta w Polsce - nagła śmierć #2 - Statystyki

Ogólne statystyki
  • Ten quiz został rozwiązany 643 razy
  • Średni wynik to 17 z 30
Answers on the Grid
Answers color-coded by a green-red scale on the quiz's grid according to % correct below.
Amsterdam
Białystok
Bogatynia
Bratysława
Brema
Brno
Brześć
Chełm
Chociebuż
Cieszyn
Dębica
Debreczyn
Drezno
Frydek-Mistek
Gdańsk
Grodno
Iwano-Frankiwsk
Jelenia Góra
Karwina
Katowice
Kielce
Kijów
Kłodzko
Koszalin
Królewiec
Kutno
Liberec
Łódź
Lubaczów
Lublin
Lwów
Mielec
Praga
Preszów
Przemyśl
Radom
Rostock
Rzeszów
Siemiatycze
Smoleńsk
Stanisławów
Starachowice
Świnoujście
Szczecin
Toruń
Uście nad Łabą
Wałbrzych
Warszawa
Witebsk
Włocławek
Wrocław
Zamość
Zgorzelec
Żylina
Żytomierz
 
Statystyki odpowiedzi
Odpowiedź % Poprawnych
Białystok
95%
Chełm
76%
Gdańsk
64%
Kielce
63%
Cieszyn
62%
Katowice
62%
Łódź
62%
Jelenia Góra
61%
Koszalin
61%
Lublin
59%
Przemyśl
59%
Radom
58%
Rzeszów
58%
Bogatynia
57%
Dębica
57%
Kłodzko
57%
Szczecin
55%
Wałbrzych
55%
Wrocław
55%
Mielec
54%
Świnoujście
54%
Toruń
54%
Warszawa
54%
Zamość
54%
Włocławek
52%
Kutno
51%
Starachowice
47%
Zgorzelec
47%
Siemiatycze
40%
Lubaczów
34%
Nie znaleziono quizów pasujących do podanych kryteriów
Rozkład punktacji
Procent ludzi z każdym wynikiem
Percentyl według liczby udzielonych odpowiedzi
Twoja historia wyników
Nie rozwiązałeś tego quizu